000
00351nam a2200145Ia 4500
008
221030s9999 xx 000 0 und d
041
_a
English
082
_a
105.23
100
_a
S. L. Gupta
245
0
_a
Electrodynamics ( electricity and magnetism)
_c
by S. L. Gupta , V. Kumar
260
_c
0
650
_a
B
700
_a
V. Kumar
942
_c
BK
999
_c
11549
_d
11549